00230nam a2200109Ia 4500008004100000082001100041082000800052245002500060245001300085260001300098300000900111231017s9999 xx 000 0 und d a627.04 bWAT 0aWater wave mechanics 0cEM-110-2 bEM-110-2 c30cm